Statistics for Census County Divisions of Texas With a Map

Click here to take the quiz!

General Stats

  • This quiz has been taken 138 times
  • The average score is 94 of 862

Answers on the Map

Answers color-coded by a green-red scale on the quiz's map according to % correct below.
 

Answer Stats

CountyCCD% Correct
El PasoEl Paso
89%
HarrisHouston
89%
TravisAustin
88%
Potter | RandallAmarillo
84%
TarrantFort Worth
81%
NuecesCorpus Christi
80%
GalvestonGalveston
80%
McLennanWaco
78%
LubbockLubbock
77%
CameronBrownsville
72%
WebbLaredo
72%
HidalgoMcAllen-Pharr
72%
MidlandMidland
70%
BowieTexarkana
69%
TarrantArlington
67%
CollinPlano
67%
TaylorAbilene
66%
JeffersonBeaumont
64%
EctorOdessa
64%
SmithTyler
64%
BrazosBryan-College Station
61%
DentonDenton
61%
WichitaWichita Falls
59%
WilliamsonRound Rock-Georgetown
58%
BellKilleen
56%
UvaldeUvalde
53%
Tom GreenSan Angelo
50%
CollinMcKinney
48%
McLennanWest
48%
ReevesPecos
47%
ComalNew Braunfels
45%
HarrisPasadena
45%
WilliamsonTaylor
45%
GalvestonTexas City-League City
45%
WashingtonWashington-Chappell Hill
45%
LibertyLiberty-Dayton
44%
Fort BendSugar Land
44%
BellTemple
44%
VictoriaVictoria
44%
BrazoriaBrazoria-West Columbia
42%
JeffersonPort Arthur
42%
PresidioPresidio
42%
HaysSan Marcos
41%
BrewsterAlpine
39%
BastropBastrop
39%
Val VerdeDel Rio
39%
PresidioMarfa
39%
OrangeOrange
39%
Van ZandtVan
39%
GrimesAnderson-Bedias
38%
GoliadWeesatche-Ander
38%
BrazoriaAlvin-Pearland
36%
HoustonCrockett
36%
MarionJefferson
36%
KaufmanKaufman
36%
RefugioRefugio
36%
BanderaBandera
34%
MontagueBowie
34%
YoungJean-Loving
34%
NacogdochesNacogdoches
34%
LamarParis
34%
RobertsonFranklin
33%
GonzalesGonzales
33%
CameronHarlingen-San Benito
33%
JasperJasper
33%
KarnesKenedy
33%
GreggLongview
33%
MontgomeryMontgomery
33%
WallerPrairie View-Waller
33%
FallsReagan
33%
San SabaSan Saba
33%
BlancoBlanco
31%
BurlesonCaldwell
31%
ChildressChildress
31%
EastlandEastland
31%
LampasasLampasas
31%
MatagordaMatagorda-Sargent
31%
NewtonNewton
31%
JohnsonBurleson-Joshua
30%
BurnetBurnet
30%
ConchoEden-Millersview
30%
HidalgoEdinburg
30%
CookeGainesville
30%
HuntGreenville
30%
CastroHart
30%
LeeLincoln-Dime Box
30%
BanderaMedina
30%
Palo PintoPalo Pinto-Santo
30%
TrinityTrinity
30%
LynnWilson
30%
ColemanColeman
28%
ComancheComanche
28%
FanninEctor
28%
GillespieFredericksburg
28%
HamiltonHamilton
28%
WalkerHuntsville
28%
KerrKerrville
28%
KlebergKingsville
28%
DentonLewisville-Flower Mound
28%
CherokeeRusk
28%
San AugustineSan Augustine
28%
GillespieStonewall
28%
KaufmanTerrell
28%
ZapataZapata
28%
BeeBeeville
27%
CherokeeJacksonville
27%
WhartonWharton
27%
HarrisBaytown
25%
RandallCanyon
25%
DentonCarrollton
25%
ColoradoColumbus
25%
MaverickEagle Pass
25%
PecosFort Stockton
25%
LibertyHardin-Rye
25%
RuskHenderson
25%
HidalgoMission
25%
NuecesPort Aransas
25%
Fort BendRosenberg-Richmond
25%
CulbersonVan Horn
25%
AngelinaZavalla
25%
HowardBig Spring
23%
Jeff DavisFort Davis
23%
AngelinaLufkin
23%
HarrisonMarshall
23%
SabineMilam
23%
MontagueMontague-Forestburg
23%
AransasRockport
23%
ThrockmortonThrockmorton
23%
WinklerWink
23%
NolanBlackwell-Nolan
22%
KendallBoerne
22%
MilamCameron
22%
NavarroCorsicana
22%
Dallam | HartleyDalhart
22%
HaskellHaskell
22%
SabineHemphill
22%
HaysKyle-Buda
22%
McLennanMart
22%
GrayPampa
22%
EllisWaxahachie
22%
NavarroDawson
20%
WiseDecatur
20%
MedinaHondo
20%
BlancoJohnson City
20%
WebbLaredo North-Webb
20%
FrioMoore
20%
BexarSan Antonio Central
20%
BexarSan Antonio East
20%
BexarSan Antonio North
20%
BexarSan Antonio Northeast
20%
BexarSan Antonio Northwest
20%
BexarSan Antonio South
20%
BexarSan Antonio West
20%
Fort BendStafford-Missouri City
20%
WilbargerVernon
20%
WheelerWheeler
20%
BrazoriaAngleton
19%
HendersonAthens
19%
NewtonCall
19%
DickensDickens
19%
FayetteFayetteville
19%
FloydFloydada
19%
GrayMcLean
19%
GuadalupeSeguin
19%
ScurrySnyder
19%
ErathStephenville
19%
NolanSweetwater
19%
ParkerWeatherford
19%
CollinAnna
17%
ArcherArcher City
17%
BellBelton
17%
BrownBrownwood
17%
MooreDumas
17%
MadisonMadisonville
17%
WardMonahans
17%
AndersonPalestine
17%
HalePlainview
17%
DentonThe Colony
17%
DeWitt | LavacaYoakum
17%
WashingtonBrenham
16%
LeonBuffalo
16%
WilliamsonCedar Park-Liberty Hill
16%
ShelbyCenter
16%
ZavalaCrystal City
16%
Bell | CoryellFort Hood
16%
AransasFulton
16%
CoryellGatesville
16%
PolkLivingston-Onalaska
16%
LovingMentone
16%
TitusMount Pleasant
16%
FallsPerry
16%
CalhounPort Lavaca
16%
SuttonSonora
16%
TylerWarren
16%
AustinBellville
14%
LibertyCleveland
14%
MitchellColorado City
14%
FayetteLa Grange
14%
CaldwellLockhart
14%
CherokeeWells
14%
WoodAlba
13%
ShackelfordAlbany
13%
Jim WellsAlice
13%
CassAtlanta
13%
HutchinsonBorger
13%
DonleyClarendon
13%
HuntCommerce
13%
La SalleCotulla
13%
FreestoneFairfield
13%
HockleyLevelland
13%
BurnetMarble Falls
13%
HardemanQuanah
13%
StarrRio Grande City
13%
StarrRoma-Los Saenz
13%
HudspethSierra Blanca
13%
HopkinsSulphur Springs
13%
ChambersAnahuac
11%
San PatricioAransas Pass-Ingleside
11%
MatagordaBay City
11%
WiseBoyd-Rhome
11%
McCullochBrady
11%
Van ZandtCanton
11%
LeonCenterville
11%
Red RiverClarksville
11%
JohnsonCleburne
11%
CoryellCopperas Cove
11%
CrosbyCrosbyton
11%
BastropElgin
11%
EllisEnnis
11%
ScurryFluvanna-Ira
11%
WashingtonGay Hill-Independence
11%
HillHillsboro
11%
PecosIraan
11%
JackJacksboro
11%
DawsonLamesa
11%
LeeLexington
11%
CassLinden
11%
BrewsterMarathon
11%
HallMemphis
11%
LimestoneMexia
11%
EllisMidlothian
11%
Palo PintoMineral Wells
11%
DallasNortheast Dallas
11%
NavarroRice
11%
GuadalupeSchertz-Cibolo
11%
GainesSeminole
11%
BastropSmithville
11%
DallasSouthwest Dallas
11%
HallTurkey
11%
ReevesBalmorhea
9%
FanninBonham
9%
KinneyBrackettville
9%
TerryBrownfield
9%
DimmitCarrizo Springs
9%
BastropCedar Creek-Red Rock
9%
HaysDripping Springs-Wimberley
9%
WhartonEl Campo
9%
BrooksFalfurrias
9%
WilsonFloresville
9%
LeeGiddings
9%
WallerHempstead
9%
EllisItaly
9%
WinklerKermit
9%
Gregg | RuskKilgore
9%
CampLeesburg-Newsome
9%
BaileyMuleshoe
9%
GrimesNavasota
9%
FrioPearsall
9%
CollinPrinceton
9%
WillacyRaymondville
9%
MilamRockdale
9%
AustinSealy
9%
BriscoeSilverton
9%
BurlesonSomerville
9%
SterlingSterling City
9%
DallamTexline
9%
EctorWest Odessa-Goldsmith
9%
FreestoneButler
8%
ComalCanyon Lake
8%
PanolaCarthage
8%
MedinaCastroville-LaCoste
8%
McLennanCrawford
8%
DeWittCuero
8%
HudspethDell City
8%
MedinaDevine-Natalia
8%
WichitaElectra
8%
ParmerFarwell-Bovina
8%
CoryellFlat
8%
WilliamsonFlorence
8%
Fort BendFulshear-Simonton
8%
Live OakGeorge West
8%
UpshurGilmer
8%
TrinityGroveton
8%
GillespieHarper
8%
RobertsonHearne
8%
KarnesKarnes City
8%
GalvestonLa Marque-Hitchcock
8%
HardinLumberton
8%
Red RiverManchester
8%
FallsMarlin
8%
ChambersMont Belvieu
8%
MorrisNaples
8%
BowieNew Boston
8%
RockwallNortheast Rockwall
8%
TarrantNortheast Tarrant
8%
RockwallNorthwest Rockwall
8%
AtascosaPleasanton
8%
AtascosaPoteet
8%
BriscoeQuitaque
8%
CameronRio Hondo
8%
HaskellRochester
8%
DuvalSan Diego
8%
KenedySarita
8%
FayetteSchulenburg
8%
ShelbyShelbyville
8%
RockwallSouth Rockwall
8%
MartinStanton
8%
SwisherTulia
8%
Jeff DavisValentine
8%
OldhamVega
8%
OrangeVidor
8%
OldhamAdrian
6%
CherokeeAlto
6%
HockleyAnton
6%
NuecesBishop
6%
WallerBrookshire
6%
WichitaBurkburnett
6%
RobertsonCalvert
6%
NacogdochesChireno-Martinsville
6%
EastlandCisco
6%
MorrisDaingerfield
6%
BowieDe Kalb
6%
MedinaD'Hanis
6%
CastroDimmitt
6%
ErathDublin
6%
ColoradoEagle Lake
6%
CrockettEast Crockett
6%
El PasoEl Paso East
6%
El PasoEl Paso Northwest
6%
La SalleEncinal
6%
ConchoEola-Paint Rock
6%
KarnesFalls City
6%
FayetteFlatonia
6%
KaufmanForney
6%
MilamGause-Milano
6%
MillsGoldthwaite
6%
LimestoneGroesbeck
6%
LavacaHallettsville
6%
ClayHenrietta
6%
AngelinaHuntington
6%
WilliamsonJarrell
6%
AtascosaJourdanton
6%
DentonJustin-Roanoke
6%
WilsonLa Vernia
6%
SmithLindale
6%
LambLittlefield
6%
MontgomeryMagnolia
6%
BrownMay
6%
McLennanMoody-Lorena
6%
CochranMorton
6%
FranklinMount Vernon
6%
CollinNevada
6%
HarrisNorthwest Harris
6%
CarsonPanhandle
6%
CampPittsburg
6%
YoakumPlains
6%
San PatricioPortland-Gregory
6%
WoodQuitman
6%
EastlandRanger
6%
WalkerRiverside
6%
DentonSanger
6%
ColemanSanta Anna
6%
WheelerShamrock
6%
San PatricioSinton-Odem
6%
LubbockSlaton
6%
ParkerSpringtown-Reno
6%
ShermanStratford
6%
LamarSumner
6%
MilamThorndale
6%
Live OakThree Rivers
6%
McMullenTilden
6%
CrockettWest Crockett
6%
MontgomeryWillis
6%
ChambersWinnie-Stowell
6%
HaleAbernathy
5%
Red RiverAnnona-Avery
5%
JonesAnson
5%
CallahanBaird
5%
WardBarstow-Pyote
5%
ClayBellevue-Joy
5%
ReaganBig Lake
5%
UpshurBig Sandy
5%
OrangeBridge City-Orangefield
5%
WashingtonBurton
5%
CollinCelina
5%
HartleyChanning
5%
AtascosaCharlotte
5%
BosqueClifton
5%
TylerColmesneil-Chester
5%
KendallComfort
5%
DeltaCooper
5%
YoakumDenver City
5%
WhartonEast Bernard
5%
TerrellEast Terrell
5%
Tom GreenEast Tom Green
5%
JacksonEdna-Cordele
5%
RainsEmory
5%
CoryellEvant
5%
EllisFerris
5%
DuvalFreer
5%
Gregg | UpshurGladewater
5%
SomervellGlen Rose
5%
YoungGraham
5%
Van ZandtGrand Saline
5%
KingGuthrie
5%
HarrisonHallsville
5%
SwisherHappy
5%
BowieHooks
5%
LubbockIdalou
5%
AustinIndustry
5%
WichitaIowa Park
5%
NavarroKerens
5%
HardinKountze
5%
SwisherKress
5%
GreggLakeport
5%
ZavalaLa Pryor
5%
LampasasLometa
5%
BosqueMeridian
5%
TaylorMerkel
5%
RobertsMiami
5%
WoodMineola
5%
CookeMuenster
5%
ChildressNorth Childress
5%
UpshurOre City
5%
RainsPoint
5%
UptonRankin
5%
KlebergRiviera
5%
NuecesRobstown
5%
FayetteRound Top
5%
BaylorSeymour
5%
BrazosSouth Brazos
5%
HarrisSoutheast Harris
5%
MontgomerySoutheast Montgomery
5%
JonesStamford
5%
HutchinsonStinnett
5%
LynnTahoka
5%
FreestoneTeague
5%
ShermanTexhoma
5%
AustinWallis
5%
CollingsworthWellington
5%
BrazosWest Brazos
5%
TerrellWest Terrell
5%
Tom GreenWest Tom Green
5%
CarsonWhite Deer-Groom
5%
SmithWhitehouse
5%
HuntWolfe City
5%
TylerWoodville
5%
JohnsonAlvarado
3%
AndrewsAndrews North
3%
AndrewsAndrews South
3%
DimmitAsherton
3%
RefugioAustwell-Tivoli
3%
RunnelsBallinger
3%
ZavalaBatesville
3%
DuvalBenavides
3%
KnoxBenjamin
3%
DimmitBig Wells
3%
NavarroBlooming Grove
3%
LamarBlossom
3%
CollinBlue Ridge
3%
WhartonBoling-Newgulf
3%
GalvestonBolivar Peninsula
3%
LipscombBooker
3%
BrazoriaBrazosport
3%
WiseBridgeport
3%
ClayByers-Petrolia
3%
HuntCaddo Mills
3%
AtascosaCampbellton
3%
RealCamp Wood-Leakey
3%
PotterCanadian River Breaks
3%
HuntCeleste
3%
HendersonChandler-Brownsboro
3%
HardemanChillicothe
3%
HowardCoahoma
3%
BurlesonCooks Point
3%
TitusCookville
3%
FoardCrowell
3%
BowieDalby Springs-Simms
3%
PanolaDe Berry-Deadwood
3%
Val VerdeDel Rio Northeast
3%
Val VerdeDel Rio Northwest
3%
Red RiverDetroit
3%
FrioDilley
3%
NuecesDriscoll
3%
LambEarth
3%
HidalgoEdcouch-Elsa
3%
AndersonElkhart
3%
BrooksEncino
3%
HallEstelline
3%
CollinFarmersville
3%
AndersonFrankston
3%
ParmerFriona
3%
JacksonGanado
3%
ColoradoGarwood
3%
TrinityGlendale
3%
HardemanGoodlett
3%
JohnsonGrandview
3%
WilliamsonGranger
3%
HarrisonHarleton
3%
WoodHawkins
3%
HamiltonHico
3%
LipscombHiggins
3%
FanninHoney Grove
3%
HillHubbard-Mount Calm
3%
CassHughes Springs-Avinger
3%
KerrIngram
3%
FanninLadonia
3%
FayetteLa Grange West
3%
HallLakeview
3%
FanninLeonard
3%
LlanoLlano North
3%
LlanoLlano South
3%
WilbargerLockett
3%
CaldwellLuling
3%
CassMarietta-Douglassville
3%
MotleyMatador
3%
San PatricioMathis
3%
EllisMaypearl
3%
UptonMcCamey
3%
McLennanMcGregor
3%
TerryMeadow
3%
MidlandMidland South
3%
AndersonMontalba-Tennessee Colony
3%
LavacaMoulton
3%
Fort BendNeedville
3%
YoungNewcastle
3%
WalkerNew Waverly
3%
JeffersonNome-China
3%
BrazosNortheast Brazos
3%
HarrisNortheast Harris
3%
TravisNortheast Travis
3%
MotleyNorth Motley
3%
TravisNorthwest Travis
3%
LeonOakwood
3%
LynnO'Donnell
3%
Fort BendOrchard-Kendleton
3%
RuskOverton
3%
DentonPilot Point-Aubrey
3%
San JacintoPoint Blank
3%
MaverickQuemado
3%
HuntQuinlan
3%
CrosbyRalls
3%
CokeRobert Lee
3%
FisherRoby
3%
BellRogers
3%
HockleyRopesville
3%
FallsRosebud
3%
LamarRoxton
3%
UvaldeSabinal
3%
JeffersonSabine Pass
3%
GainesSeagraves
3%
WillacySebastian
3%
TravisSouthwest Travis
3%
HansfordSpearman
3%
MontagueSt. Jo
3%
WilsonStockdale
3%
Palo PintoStrawn-Gordon
3%
LambSudan-Amherst
3%
MooreSunray
3%
San PatricioTaft
3%
MartinTarzan-Lenorah
3%
RuskTatum
3%
MatagordaTidehaven
3%
SmithTroup-Arp
3%
CulbersonVan Horn Rural
3%
VictoriaVictoria South
3%
VictoriaVictoria West
3%
GonzalesWaelder
3%
HarrisonWaskom
3%
ColoradoWeimar
3%
MitchellWestbrook
3%
HillWhitney
3%
Franklin | WoodWinnsboro
3%
ThrockmortonWoodson
3%
LampasasAdamsville
2%
ShelbyAiken-Neuville
2%
WiseAlvord
2%
TrinityApple Springs
2%
StonewallAspermont North
2%
StonewallAspermont South
2%
McLennanAxtell
2%
BrownBangs
2%
PanolaBeckville
2%
Van ZandtBen Wheeler-Edom
2%
BurnetBertram
2%
UpshurBettie
2%
LamarBiardstown
2%
HowardBig Spring North
2%
CassBivins-McLeod
2%
BrownBlanket
2%
HillBlum
2%
Red RiverBogata
2%
StephensBreckenridge North
2%
StephensBreckenridge South
2%
RobertsonBremond
2%
BurnetBriggs
2%
San AugustineBroaddus
2%
CokeBronte
2%
JackBryson
2%
MilamBuckholts
2%
SmithBullard
2%
JasperBuna
2%
NewtonBurkeville
2%
MilamBurlington
2%
CookeCallisburg
2%
HemphillCanadian North
2%
HemphillCanadian South
2%
AndersonCayuga
2%
Henderson | Kaufman | Van ZandtCedar Creek Lake
2%
KerrCenter Point
2%
FallsChilton
2%
McLennanChina Spring
2%
ArmstrongClaude North
2%
ArmstrongClaude South
2%
CallahanClyde
2%
San JacintoColdspring
2%
LimestoneCoolidge
2%
NuecesCorpus Christi West
2%
PolkCorrigan
2%
GonzalesCost-Wrightsboro
2%
KaufmanCrandall
2%
CraneCrane North
2%
CraneCrane South
2%
BosqueCranfills Gap
2%
CallahanCross Plains
2%
HopkinsCumby
2%
NacogdochesCushing-Douglass
2%
LibertyDaisetta
2%
MilamDavilla
2%
ComancheDe Leon
2%
LamarDeport
2%
NewtonDeweyville
2%
AngelinaDiboll
2%
FanninDodd City
2%
ErathDuffau-Clairette
2%
BellEast Bell
2%
CameronEast Cameron
2%
GraysonEast Grayson
2%
Van ZandtEdgewood
2%
SchleicherEldorado East
2%
SchleicherEldorado West
2%
McLennanElm Mott
2%
El PasoEl Paso North Central
2%
WilbargerFargo-Odell
2%
LipscombFollett
2%
HudspethFort Hancock
2%
BordenGail North
2%
BordenGail South
2%
CookeGainesville Southeast
2%
GlasscockGarden City North
2%
GlasscockGarden City South
2%
NacogdochesGarrison
2%
PanolaGary City
2%
KarnesGillett
2%
JohnsonGodley
2%
GoliadGoliad North
2%
GoliadGoliad South
2%
KnoxGoree
2%
EastlandGorman
2%
Palo PintoGraford
2%
HoodGranbury East
2%
HoodGranbury West
2%
WardGrandfalls
2%
HoustonGrapeland
2%
HansfordGruver
2%
ComancheGustine
2%
HaleHale Center
2%
JonesHamlin
2%
HidalgoHargill
2%
WilbargerHarrold-Oklaunion
2%
GonzalesHarwood-Ottine
2%
JonesHawley-Noodle
2%
DonleyHedley
2%
Deaf SmithHereford East
2%
Deaf SmithHereford West
2%
ScurryHermleigh
2%
ArcherHolliday
2%
LamarHowland
2%
PecosImperial
2%
BosqueIredell
2%
HillItasca
2%
KentJayton North
2%
KentJayton South
2%
TaylorJim Ned
2%
KimbleJunction Northwest
2%
KimbleJunction Southeast
2%
CalhounKamey-Sixmile
2%
HoustonKennard-Ratcliff
2%
JasperKirbyville
2%
KnoxKnox City
2%
LimestoneKosse
2%
JeffersonLaBelle
2%
StarrLa Grulla
2%
MarionLake O' the Pines
2%
DawsonLamesa Northeast
2%
DawsonLamesa Northwest
2%
DawsonLamesa Southeast
2%
DawsonLamesa Southwest
2%
RuskLaneville
2%
WebbLaredo South-El Cenizo
2%
HendersonLaRue-Poynor
2%
WillacyLasara
2%
JacksonLa Ward-Lolita
2%
GrayLefors
2%
GreggLiberty City
2%
FloydLockney
2%
HuntLone Oak
2%
PanolaLong Branch-Dotson
2%
GreggLongview Northwest
2%
MitchellLoraine
2%
CrosbyLorenzo
2%
CameronLos Fresnos-Laureles
2%
FallsLott
2%
WhartonLouise
2%
HoustonLovelady
2%
JonesLueders
2%
WillacyLyford
2%
HillMalone-Penelope
2%
LeonMarquez
2%
CaldwellMartindale
2%
MasonMason East
2%
MasonMason West
2%
BowieMaud-Redwater
2%
OrangeMauriceville
2%
FisherMcCaulley
2%
McCullochMelvin
2%
MenardMenard East
2%
MenardMenard West
2%
IrionMertzon North
2%
IrionMertzon South
2%
MadisonMidway
2%
RunnelsMiles
2%
ShackelfordMoran
2%
ErathMorgan Mill-Bluff Dale
2%
RuskMount Enterprise
2%
CherokeeMount Selman
2%
MillsMullin-Priddy
2%
KnoxMunday
2%
CherokeeNew Summerfield
2%
GonzalesNixon
2%
MontagueNocona
2%
LeonNormangee
2%
GuadalupeNortheast Guadalupe
2%
HopkinsNorth Hopkins-Sulphur Bluff
2%
Jim HoggNorth Jim Hogg
2%
BellNorthwest Bell
2%
GraysonNorthwest Grayson
2%
MadisonNorth Zulch
2%
ColemanNovice
2%
CoryellOglesby
2%
BurlesonOld River
2%
YoungOlney
2%
LambOlton
2%
Jim WellsOrange Grove-Sandia
2%
CottlePaducah North
2%
CottlePaducah South
2%
MatagordaPalacios
2%
DeltaPecan Gap
2%
JackPerrin
2%
OchiltreePerryton East
2%
OchiltreePerryton West
2%
LimestonePersonville
2%
HalePetersburg
2%
BeePettus-Pawnee
2%
HopkinsPickton-Pine Forest
2%
RuskPinehill
2%
SabinePineland
2%
CalhounPoint Comfort
2%
AngelinaPollok
2%
HoustonPorter Springs
2%
GarzaPost East
2%
GarzaPost West
2%
WilsonPoth
2%
LamarPowderly
2%
LimestonePrairie Hill
2%
Jim WellsPremont
2%
RuskPrice-Turnertown
2%
HidalgoPuerto Rico-San Manuel
2%
CoryellPurmela-Levita
2%
FanninRavenna-Telephone
2%
DuvalRealitos-Concepcion
2%
San SabaRichland Springs
2%
EastlandRising Star
2%
McCullochRochelle
2%
EdwardsRocksprings North
2%
EdwardsRocksprings South
2%
NolanRoscoe
2%
FisherRotan
2%
RunnelsRowena
2%
HaskellRule
2%
KarnesRunge
2%
HaskellSagerton
2%
CollingsworthSamnorwood
2%
WillacySan Perlita
2%
ZapataSan Ygnacio
2%
HardinSaratoga-Batson
2%
CalhounSeadrift
2%
HopkinsSeymore
2%
BaylorSeymour Rural
2%
LubbockShallowater
2%
San JacintoShepherd-Evergreen
2%
LavacaShiner
2%
HardinSilsbee
2%
BeeSkidmore
2%
GonzalesSmiley
2%
SuttonSonora Rural
2%
HardinSour Lake
2%
BellSouth Bell
2%
GuadalupeSoutheast Guadalupe
2%
HidalgoSoutheast Hidalgo
2%
Jim HoggSouth Jim Hogg
2%
BaileySouth Sand Hills
2%
BellSouthwest Bell
2%
GraysonSouthwest Grayson
2%
GuadalupeSouthwest Guadalupe
2%
DickensSpur
2%
TylerSpurger
2%
HidalgoSullivan City
2%
HockleySundown
2%
TitusTalco
2%
ColemanTalpa
2%
ShelbyTenaha-Joaquin
2%
KaufmanTerrell South
2%
FoardThalia
2%
LimestoneThornton
2%
ShelbyTimpson
2%
CoryellTurnersville
2%
SmithTyler East
2%
BosqueValley Mills
2%
CookeValley View
2%
JacksonVanderbilt
2%
ParkerWeatherford Northwest
2%
ParkerWeatherford Southeast
2%
HaskellWeinert
2%
DeWittWesthoff-Arneckville
2%
CochranWhiteface
2%
Van ZandtWills Point
2%
TitusWinfield
2%
SmithWinona
2%
RunnelsWinters
2%
RefugioWoodsboro
2%
FreestoneWortham
2%
DeWittYorktown
2%

Score Distribution

Percentile by Number Answered

Percent of People with Each Score

Your Score History

You have not taken this quiz